000 00443nam a22001577a 4500
005 20260226102431.0
008 260226b |||||||| |||| 00| 0 eng d
020 _a978-81-8061-307-4
100 _aIQBAL FARRUKH
245 _a100 CASE HISTORIES IN CLINICAL MEDICINE FOR MRCP(PART-1)
260 _aNEW DELHI
_bJAYPEE BROTHERS
_c2004
300 _aXVI,336P.
500 _aINCLUDES AN INDEX
650 _aCLINICAL MEDICINE
942 _2lcc
_cBK
999 _c216690
_d216690